| 000 | 00928cam a22003018a 4500 | ||
|---|---|---|---|
| 005 | 20260322212048.0 | ||
| 008 | data | ||
| 010 | _a 2003055233 | ||
| 020 | _a0874776953 (pbk. : alk. paper) | ||
| 020 | _a9780874776959 (pbk. : alk. paper) | ||
| 040 |
_aDLC _cDLC |
||
| 042 | _apcc | ||
| 050 | 0 | 0 |
_aRC439.5 _b.W65 2003 |
| 082 | 0 | 0 |
_a362.2/4 _221 |
| 092 | _a362.2 W65 2003 | ||
| 100 | 1 | _aWoolis, Rebecca. | |
| 245 | 1 | 0 |
_aWhen someone you love has a mental illness : _ba handbook for family, friends, and caregivers / _cRebecca Woolis. |
| 250 | _a[Rev. & expanded ed.] | ||
| 260 |
_aNew York : _bJeremy P. Tarcher/Putnam, _cc2003. |
||
| 263 | _a0311 | ||
| 300 | _ap. cm. | ||
| 504 | _aIncludes bibliographical references and index. | ||
| 650 | 0 |
_aMentally ill _xHome care. |
|
| 650 | 0 |
_aMentally ill _xCare. |
|
| 650 | 0 |
_aMentally ill _xFamily relationships. |
|
| 650 | 0 |
_aMentally ill _xLife skills guides. |
|
| 001 | data | ||
| 999 |
_c1139 _d1139 |
||